[Event "HUN-chT2 Erkel 1718"]
[Site "Hungary"]
[Date "2018.03.04"]
[Round "9.4"]
[White "Demeter, Istvan"]
[Black "Szekeres, Tibor"]
[Result "1/2-1/2"]
[WhiteElo "2014"]
[BlackElo "2007"]
[PlyCount "20"]
[EventDate "2017.09.24"]
[EventType "team-tourn"]
[EventRounds "11"]
[EventCountry "HUN"]
[SourceTitle "EXT 2021"]
[Source "ChessBase"]
[SourceDate "2020.10.23"]
[SourceVersion "1"]
[SourceVersionDate "2020.10.23"]
[SourceQuality "1"]
[WhiteTeam "Gyongyos Energia"]
[BlackTeam "Pestszentlorinc"]
[WhiteTeamCountry "HUN"]
[BlackTeamCountry "HUN"]

1. Nf3 Nf6 2. g3 g6 3. Bg2 Bg7 4. 0-0 0-0 5. c4 d6 6. d4 Nbd7 7. Nc3 e5 8. e4 c6 9. Re1 Re8 10. dxe5 dxe5 1/2-1/2

[Event "HUN-chT2 Erkel 1617"]
[Site "Hungary"]
[Date "2017.03.12"]
[Round "10.4"]
[White "Grimm, Gyorgy"]
[Black "Szekeres, Tibor"]
[Result "1-0"]
[WhiteElo "2108"]
[BlackElo "2109"]
[PlyCount "75"]
[EventDate "2016.09.25"]
[EventType "team-tourn"]
[EventRounds "11"]
[EventCountry "HUN"]
[SourceTitle "EXT 2021"]
[Source "ChessBase"]
[SourceDate "2020.10.23"]
[SourceVersion "1"]
[SourceVersionDate "2020.10.23"]
[SourceQuality "1"]
[WhiteTeam "Budapest EAC"]
[BlackTeam "Pestszentlorinc"]
[WhiteTeamCountry "HUN"]
[BlackTeamCountry "HUN"]

1. e4 c5 2. Nf3 a6 3. c4 e6 4. d4 cxd4 5. Nxd4 Nf6 6. Bd3 Qc7 7. 0-0 Nc6 8. Nf3 Be7 9. Nc3 d6 10. h3 0-0 11. Qe2 b6 12. Be3 Bb7 13. Rac1 Nd7 14. Nd5 exd5 15. cxd5 Nc5 16. dxc6 Nxd3 17. Qxd3 Bc8 18. Nd4 Rd8 19. Ne2 d5 20. Bf4 Bd6 21. Bxd6 Qxd6 22. exd5 Ra7 23. Nc3 f5 24. Rcd1 b5 25. a3 g5 26. Qe3 Rg7 27. f4 Rf8 28. Rde1 b4 29. axb4 Qxb4 30. Rf2 h5 31. fxg5 f4 32. Qe4 Qb6 33. h4 f3 34. Qe3 Qb4 35. Rxf3 Rxf3 36. Qxf3 Qd4+ 37. Qf2 Qg4 38. Re4 1-0

[Event "HUN-chT2 Erkel 1617"]
[Site "Hungary"]
[Date "2016.11.27"]
[Round "5.3"]
[White "Szekeres, Tibor"]
[Black "Matin, Gabor"]
[Result "1-0"]
[WhiteElo "2109"]
[BlackElo "2031"]
[PlyCount "87"]
[EventDate "2016.09.25"]
[EventType "team-tourn"]
[EventRounds "11"]
[EventCountry "HUN"]
[SourceTitle "EXT 2021"]
[Source "ChessBase"]
[SourceDate "2020.10.23"]
[SourceVersion "1"]
[SourceVersionDate "2020.10.23"]
[SourceQuality "1"]
[WhiteTeam "Pestszentlorinc"]
[BlackTeam "Gyongyos Matra"]
[WhiteTeamCountry "HUN"]
[BlackTeamCountry "HUN"]

1. c4 e5 2. Nc3 Nf6 3. d3 Be7 4. g3 0-0 5. Bg2 c6 6. e4 h6 7. Nge2 d6 8. h3 Nh7 9. Be3 Be6 10. Qd2 Nd7 11. f4 f5 12. b3 Ndf6 13. 0-0 Qd7 14. Kh2 b6 15. d4 exd4 16. Nxd4 fxe4 17. Nxe4 d5 18. Nxe6 Qxe6 19. Nf2 Rad8 20. Qc1 d4 21. Bd2 Kh8 22. Qc2 Rfe8 23. Rae1 Qd6 24. Nd3 Nd7 25. Bb4 c5 26. Bd2 Bf6 27. Re4 Rxe4 28. Bxe4 Nhf8 29. Nf2 Be7 30. Bd3 Nf6 31. Re1 Qb8 32. Rxe7 N8d7 33. Qd1 Rf8 34. Ng4 Qd8 35. Ne5 Nxe5 36. Rxe5 Nd7 37. Re1 Nf6 38. Qe2 Re8 39. Qf3 Rf8 40. Bg6 Qd6 41. Qd3 Nd7 42. Re8 Qf6 43. Rxf8+ Nxf8 44. Be4 1-0

[Event "HUN-chT2 Erkel 1617"]
[Site "Hungary"]
[Date "2016.09.25"]
[Round "1.5"]
[White "Szekeres, Tibor"]
[Black "Trajber, Csaba"]
[Result "1/2-1/2"]
[WhiteElo "2109"]
[BlackElo "2030"]
[PlyCount "28"]
[EventDate "2016.09.25"]
[EventType "team-tourn"]
[EventRounds "11"]
[EventCountry "HUN"]
[SourceTitle "EXT 2021"]
[Source "ChessBase"]
[SourceDate "2020.10.23"]
[SourceVersion "1"]
[SourceVersionDate "2020.10.23"]
[SourceQuality "1"]
[WhiteTeam "Pestszentlorinc"]
[BlackTeam "Fot"]
[WhiteTeamCountry "HUN"]
[BlackTeamCountry "HUN"]

1. d4 d5 2. Bf4 Nf6 3. e3 e6 4. Nd2 Bd6 5. Bg3 0-0 6. Bd3 b6 7. Qe2 Bb7 8. Bh4 Nbd7 9. f4 c5 10. c3 Be7 11. Nh3 Ne4 12. Bxe7 Qxe7 13. Nf2 f5 14. Nf3 Rac8 1/2-1/2

[Event "HUN-chT2 Erkel 1516"]
[Site "Hungary"]
[Date "2016.03.20"]
[Round "9.1"]
[White "Szekeres, Tibor"]
[Black "Bednay, Dezso"]
[Result "0-1"]
[WhiteElo "2081"]
[BlackElo "2287"]
[PlyCount "84"]
[EventDate "2015.09.13"]
[EventType "team-tourn"]
[EventRounds "11"]
[EventCountry "HUN"]
[SourceTitle "EXT 2017"]
[Source "ChessBase"]
[SourceDate "2016.10.25"]
[SourceVersion "1"]
[SourceVersionDate "2016.10.25"]
[SourceQuality "1"]
[WhiteTeam "Pestszentlorinc"]
[BlackTeam "Barcza BEAC"]
[WhiteTeamCountry "HUN"]
[BlackTeamCountry "HUN"]

1. Nf3 Nf6 2. g3 b6 3. Bg2 Bb7 4. 0-0 c5 5. d3 g6 6. e4 d6 7. Nc3 Bg7 8. Nd2 Nc6 9. Nc4 Qd7 10. a4 0-0 11. h3 e6 12. Ne3 Ne8 13. f4 f5 14. exf5 gxf5 15. g4 Nd4 16. gxf5 Nxf5 17. Nxf5 Bxg2 18. Kxg2 Rxf5 19. Qf3 d5 20. Ne2 Nd6 21. c4 Qf7 22. Ng3 Rf6 23. cxd5 exd5 24. f5 Nxf5 25. Nxf5 Rf8 26. Nh6+ Bxh6 27. Qxf6 Qxf6 28. Rxf6 Rxf6 29. Bxh6 Rxh6 30. Rf1 Rg6+ 31. Kh2 Re6 32. Rf2 Re3 33. d4 cxd4 34. Rf5 d3 35. Rxd5 Kf7 36. Kg2 Ke6 37. Rd8 Ke5 38. a5 bxa5 39. h4 Ke4 40. Kf2 Re2+ 41. Kf1 Rxb2 42. Rd7 Ke3 0-1

[Event "HUN-chT2 Erkel 1516"]
[Site "Hungary"]
[Date "2015.11.08"]
[Round "4.1"]
[White "Szekeres, Tibor"]
[Black "Horvath, Gabor"]
[Result "1-0"]
[WhiteElo "2081"]
[BlackElo "2213"]
[PlyCount "73"]
[EventDate "2015.09.13"]
[EventType "team-tourn"]
[EventRounds "11"]
[EventCountry "HUN"]
[SourceTitle "CBM 170 Extra"]
[Source "ChessBase"]
[SourceDate "2016.02.25"]
[SourceVersion "1"]
[SourceVersionDate "2016.02.25"]
[SourceQuality "1"]
[WhiteTeam "Pestszentlorinc"]
[BlackTeam "MAFC"]
[WhiteTeamCountry "HUN"]
[BlackTeamCountry "HUN"]

1. d4 Nf6 2. c4 g6 3. Nc3 Bg7 4. e4 d6 5. Nge2 0-0 6. Ng3 c5 7. d5 e6 8. Be2 exd5 9. cxd5 Na6 10. 0-0 Nc7 11. a4 Rb8 12. f4 Nd7 13. e5 dxe5 14. f5 Ne8 15. fxg6 hxg6 16. Nge4 Qb6 17. a5 Qd8 18. Bg5 f6 19. Be3 f5 20. Nxc5 Qh4 21. Ne6 Rf7 22. Ra4 f4 23. Bxa7 Ra8 24. Bf2 Qh6 25. Ne4 Bf8 26. N4g5 Rf5 27. h4 Ndf6 28. Nxf8 Qxf8 29. Qb3 Bd7 30. d6+ Kh8 31. Rb4 Bc6 32. Rd1 Nd7 33. Rxb7 Rxa5 34. Rc7 Ba4 35. Qb4 Bxd1 36. Rxd7 Ra1 37. Rh7+ 1-0

[Event "HUN-chT2 Erkel 1516"]
[Site "Hungary"]
[Date "2015.09.13"]
[Round "1.1"]
[White "Petran, Pal"]
[Black "Szekeres, Tibor"]
[Result "1-0"]
[WhiteElo "2293"]
[BlackElo "2081"]
[PlyCount "53"]
[EventDate "2015.09.13"]
[EventType "team-tourn"]
[EventRounds "11"]
[EventCountry "HUN"]
[SourceTitle "CBM 170 Extra"]
[Source "ChessBase"]
[SourceDate "2016.02.25"]
[SourceVersion "1"]
[SourceVersionDate "2016.02.25"]
[SourceQuality "1"]
[WhiteTeam "HASE"]
[BlackTeam "Pestszentlorinc"]
[WhiteTeamCountry "HUN"]
[BlackTeamCountry "HUN"]

1. d4 Nf6 2. c4 e6 3. Nf3 Bb4+ 4. Nbd2 b6 5. a3 Be7 6. e4 0-0 7. Bd3 Bb7 8. Qc2 h5 9. 0-0 d6 10. b4 a5 11. Bb2 axb4 12. axb4 Na6 13. Bc3 c5 14. bxc5 dxc5 15. d5 exd5 16. cxd5 Nb4 17. Bxb4 cxb4 18. d6 Bxd6 19. e5 Bxe5 20. Nxe5 Qd4 21. Rfe1 Rac8 22. Qb3 Bd5 23. Qd1 Rfd8 24. Bc2 Qc3 25. Ndc4 b3 26. Bxb3 b5 27. Re3 1-0

[Event "HUN-chT2 Breyer 1415"]
[Site "Hungary"]
[Date "2014.11.16"]
[Round "?"]
[White "Horvath, Gabor"]
[Black "Szekeres, Tibor"]
[Result "0-1"]
[WhiteElo "2245"]
[BlackElo "2132"]
[PlyCount "28"]
[EventDate "2014.09.07"]
[EventType "team-tourn"]
[EventRounds "11"]
[EventCountry "HUN"]
[SourceTitle "EXT 2016"]
[Source "ChessBase"]
[SourceDate "2015.10.08"]
[SourceVersion "1"]
[SourceVersionDate "2015.10.08"]
[SourceQuality "1"]
[WhiteTeam "MAFC"]
[BlackTeam "Pestszentlorinc"]
[WhiteTeamCountry "HUN"]
[BlackTeamCountry "HUN"]

1. e4 c5 2. Nc3 e6 3. g3 d5 4. exd5 exd5 5. Bg2 Nf6 6. d3 Be7 7. Nge2 d4 8. Ne4 Nd5 9. Nf4 Nxf4 10. Bxf4 Nc6 11. Qh5 g6 12. Qh6 Bf8 13. Qg5 Be7 14. Nd6+ Qxd6 0-1

[Event "HUN-chT2 Breyer 1415"]
[Site "Hungary"]
[Date "2014.10.12"]
[Round "3.1"]
[White "Szekeres, Tibor"]
[Black "Matrahalmi, Tibor"]
[Result "0-1"]
[WhiteElo "2132"]
[BlackElo "2292"]
[PlyCount "76"]
[EventDate "2014.09.07"]
[EventType "team-tourn"]
[EventRounds "11"]
[EventCountry "HUN"]
[SourceTitle "EXT 2016"]
[Source "ChessBase"]
[SourceDate "2015.10.08"]
[SourceVersion "1"]
[SourceVersionDate "2015.10.08"]
[SourceQuality "1"]
[WhiteTeam "Pestszentlorinc"]
[BlackTeam "Geniusz Tata"]
[WhiteTeamCountry "HUN"]
[BlackTeamCountry "HUN"]

1. d4 Nf6 2. c4 g6 3. f3 Bg7 4. e4 d6 5. Be3 0-0 6. Nc3 c6 7. Bd3 a6 8. a4 a5 9. Nge2 Na6 10. g4 Nb4 11. Bb1 e5 12. d5 Qe7 13. Ng3 Nd7 14. h4 Nc5 15. h5 Bf6 16. Ra3 Bh4 17. Bf2 Bg5 18. Kf1 Bd7 19. Kg2 Rae8 20. Qe2 Kg7 21. Be3 h6 22. Qd2 Bc8 23. Nd1 Rh8 24. Nf2 Bxe3 25. Qxe3 Qg5 26. Qe2 Qf6 27. Nh3 Bd7 28. Bc2 cxd5 29. cxd5 Rc8 30. Bd1 Rc7 31. Rf1 b6 32. Rc3 Bc8 33. Qe3 Ba6 34. Be2 Bxe2 35. Qxe2 Rhc8 36. Rfc1 Na2 37. Qb5 Nxc1 38. Rxc1 Nd3 0-1

[Event "Budapest Art Pub Cup 4th"]
[Site "Budapest"]
[Date "2014.04.20"]
[Round "6"]
[White "Szekeres, Tibor"]
[Black "Czibulka, Zoltan"]
[Result "1-0"]
[WhiteElo "2171"]
[BlackElo "2058"]
[PlyCount "119"]
[EventDate "2014.04.16"]
[EventType "swiss"]
[EventRounds "7"]
[EventCountry "HUN"]
[SourceTitle "EXT 2015"]
[Source "ChessBase"]
[SourceDate "2014.11.20"]
[SourceVersion "1"]
[SourceVersionDate "2014.11.20"]
[SourceQuality "1"]

1. c4 e5 2. Nc3 Nf6 3. g3 d5 4. cxd5 Nxd5 5. Bg2 Nb6 6. Nf3 Nc6 7. d3 Be7 8. Bd2 0-0 9. Rc1 Be6 10. 0-0 f6 11. Ne1 Qd7 12. Ne4 Bf7 13. e3 Nd8 14. Qc2 c6 15. b4 Qe6 16. Ra1 Nd5 17. Nc5 Qc8 18. a3 b6 19. Nb3 Qe6 20. Rb1 Rc8 21. e4 Nc7 22. f4 Nb5 23. Bc1 c5 24. bxc5 Bxc5+ 25. Nxc5 Rxc5 26. Qb2 Nd4 27. Be3 Rb5 28. Bxd4 Rxb2 29. Bxb2 Nc6 30. fxe5 fxe5 31. Nf3 Bh5 32. Ng5 Rxf1+ 33. Rxf1 Qe7 34. Bh3 Nd8 35. Nf3 Bxf3 36. Rxf3 Nf7 37. Rf2 g6 38. Bf1 Qc5 39. Kg2 b5 40. Be2 h5 41. Bd1 Nh6 42. Bb3+ Kg7 43. h3 h4 44. g4 Qe7 45. d4 exd4 46. Bxd4+ Kh7 47. Bd5 Qxa3 48. Rf3 Qa5 49. Be3 b4 50. Bd4 Qa6 51. g5 Nf5 52. exf5 gxf5 53. Rxf5 Qd3 54. Rf7+ Kg6 55. Rg7+ Kf5 56. Rf7+ Kxg5 57. Rg7+ Kh6 58. Rg4 Qd2+ 59. Kf3 Qd3+ 60. Be3+ 1-0

[Event "Budapest Art Pub Cup 4th"]
[Site "Budapest"]
[Date "2014.04.19"]
[Round "5"]
[White "Ronai, Akos Balazs"]
[Black "Szekeres, Tibor"]
[Result "0-1"]
[WhiteElo "1620"]
[BlackElo "2171"]
[PlyCount "52"]
[EventDate "2014.04.16"]
[EventType "swiss"]
[EventRounds "7"]
[EventCountry "HUN"]
[SourceTitle "EXT 2015"]
[Source "ChessBase"]
[SourceDate "2014.11.20"]
[SourceVersion "1"]
[SourceVersionDate "2014.11.20"]
[SourceQuality "1"]

1. e4 c5 2. Nf3 d6 3. d4 cxd4 4. Nxd4 Nf6 5. Nc3 a6 6. h3 e5 7. Nb3 Be6 8. Be3 Qc7 9. Qd2 Nbd7 10. 0-0-0 b5 11. f3 Nb6 12. Bxb6 Qxb6 13. Nd5 Bxd5 14. exd5 a5 15. Qd3 Rb8 16. Nd2 Be7 17. Ne4 Nh5 18. g3 f5 19. Nd2 Nxg3 20. Rg1 Qxg1 21. Qxb5+ Kf7 22. Qd7 Qe3 23. Bd3 Rhe8 24. Kb1 Kg8 25. Nf1 Qxf3 26. Rc1 e4 0-1

[Event "HUN-chT2 Erkel 1314"]
[Site "Hungary"]
[Date "2014.02.16"]
[Round "7.1"]
[White "Petran, Pal"]
[Black "Szekeres, Tibor"]
[Result "1/2-1/2"]
[WhiteElo "2335"]
[BlackElo "2145"]
[PlyCount "63"]
[EventDate "2013.09.08"]
[EventType "team-tourn"]
[EventRounds "11"]
[EventCountry "HUN"]
[SourceTitle "EXT 2016"]
[Source "ChessBase"]
[SourceDate "2015.10.08"]
[SourceVersion "1"]
[SourceVersionDate "2015.10.08"]
[SourceQuality "1"]
[WhiteTeam "Budapest Honved"]
[BlackTeam "Pestszentlorinc"]
[WhiteTeamCountry "HUN"]
[BlackTeamCountry "HUN"]

1. d4 Nf6 2. Bg5 Ne4 3. Bf4 d5 4. e3 e6 5. Nd2 Nxd2 6. Qxd2 Bd6 7. Bg3 b6 8. Nf3 a5 9. Bb5+ c6 10. Bd3 Ba6 11. 0-0 Bxg3 12. hxg3 Bxd3 13. cxd3 0-0 14. Rac1 Qd6 15. Rc2 Na6 16. a3 Rfc8 17. Rfc1 Rc7 18. e4 Rac8 19. Qf4 Qxf4 20. gxf4 f6 21. Kf1 Kf7 22. Ke2 c5 23. b3 dxe4 24. dxe4 cxd4 25. Rxc7+ Rxc7 26. Rxc7+ Nxc7 27. Nxd4 e5 28. fxe5 fxe5 29. Nf3 Kf6 30. Kd3 b5 31. Nd2 Ne6 32. Ke3 1/2-1/2

[Event "HUN-chT2 Erkel 1213"]
[Site "Hungary"]
[Date "2013.01.27"]
[Round "6.4"]
[White "Szekeres, Tibor"]
[Black "Kulcsar, Tamas"]
[Result "1-0"]
[WhiteElo "2137"]
[BlackElo "2088"]
[PlyCount "45"]
[EventDate "2012.09.16"]
[EventType "team-tourn"]
[EventRounds "11"]
[EventCountry "HUN"]
[SourceTitle "EXT 2014"]
[Source "ChessBase"]
[SourceDate "2013.11.20"]
[SourceVersion "1"]
[SourceVersionDate "2013.11.20"]
[SourceQuality "1"]
[WhiteTeam "Pestszentlorinc"]
[BlackTeam "Vizugy"]
[WhiteTeamCountry "HUN"]
[BlackTeamCountry "HUN"]

1. c4 c5 2. g3 Nc6 3. Bg2 g6 4. Nf3 Bg7 5. 0-0 e6 6. d3 Nge7 7. Nc3 d5 8. cxd5 exd5 9. Bf4 0-0 10. Qd2 b6 11. Bh6 Bb7 12. Bxg7 Kxg7 13. d4 c4 14. h4 h6 15. Rad1 Qd6 16. e4 dxe4 17. Nxe4 Qd5 18. Nh2 Qa5 19. Nc3 Rfd8 20. d5 Ne5 21. Qe2 f6 22. Ng4 Nxd5 23. Bxd5 1-0

[Event "HUN-chT2 Erkel 1213"]
[Site "Hungary"]
[Date "2012.11.18"]
[Round "4.4"]
[White "Egyed, Andras"]
[Black "Szekeres, Tibor"]
[Result "1-0"]
[WhiteElo "2289"]
[BlackElo "2137"]
[PlyCount "77"]
[EventDate "2012.09.16"]
[EventType "team-tourn"]
[EventRounds "11"]
[EventCountry "HUN"]
[SourceTitle "EXT 2014"]
[Source "ChessBase"]
[SourceDate "2013.11.20"]
[SourceVersion "1"]
[SourceVersionDate "2013.11.20"]
[SourceQuality "1"]
[WhiteTeam "Matra"]
[BlackTeam "Pestszentlorinc"]
[WhiteTeamCountry "HUN"]
[BlackTeamCountry "HUN"]

1. c4 c5 2. Nc3 Nc6 3. g3 g6 4. Bg2 Bg7 5. e3 Nf6 6. Nge2 d6 7. d4 0-0 8. 0-0 Bf5 9. b3 Qc8 10. Re1 Bh3 11. Bh1 e5 12. Bb2 Ng4 13. Nd5 Re8 14. dxc5 dxc5 15. f3 Nh6 16. Nec3 e4 17. Rb1 exf3 18. Bxf3 Ne5 19. Bg2 Bg4 20. Qd2 Bf3 21. Rf1 Bxg2 22. Kxg2 Qc6 23. e4 f5 24. Rbe1 Kh8 25. Nd1 Rad8 26. exf5 Nxf5 27. Bxe5 Rxe5 28. Rxe5 Bxe5 29. N1e3 Nxe3+ 30. Qxe3 Bg7 31. Rf7 Re8 32. Re7 Rxe7 33. Qxe7 h5 34. a4 b6 35. Qxa7 Qe6 36. Qe7 Qf5 37. Qe2 h4 38. gxh4 Be5 39. Ne7 1-0

[Event "HUN-chT2 Erkel 1112"]
[Site "Hungary"]
[Date "2012.05.20"]
[Round "11.3"]
[White "Szekeres, Tibor"]
[Black "Kiss, Sandor"]
[Result "1-0"]
[WhiteElo "2148"]
[BlackElo "2111"]
[PlyCount "115"]
[EventDate "2011.09.25"]
[EventType "team-tourn"]
[EventRounds "11"]
[EventCountry "HUN"]
[SourceTitle "EXT 2013"]
[Source "ChessBase"]
[SourceDate "2012.11.22"]
[SourceVersion "1"]
[SourceVersionDate "2012.11.22"]
[SourceQuality "1"]
[WhiteTeam "Pestszentlorinc"]
[BlackTeam "Vaci"]
[WhiteTeamCountry "HUN"]
[BlackTeamCountry "HUN"]

1. c4 e5 2. Nc3 Nf6 3. d3 Bb4 4. Bd2 Bxc3 5. Bxc3 d6 6. g3 0-0 7. Bg2 c6 8. Nf3 Re8 9. 0-0 b6 10. b4 Bb7 11. Qb3 Nbd7 12. Qb2 Rb8 13. a3 a6 14. e4 c5 15. Nh4 Nf8 16. f4 N6d7 17. Nf5 Qc7 18. Rf2 f6 19. Bh3 Ng6 20. Ne3 Ngf8 21. Qe2 Ne6 22. Bf5 Ndf8 23. fxe5 dxe5 24. Nd5 Bxd5 25. cxd5 Nd4 26. Bxd4 cxd4 27. Qa2 Qd6 28. Rc1 Kh8 29. Rc6 Qd8 30. Rfc2 g6 31. Bh3 Nd7 32. Rc7 Re7 33. d6 Rg7 34. Qe6 Nf8 35. Qd5 Nd7 36. Qc6 Nf8 37. d7 Nxd7 38. Bxd7 Qe7 39. Be6 Qxc7 40. Qxc7 Rxc7 41. Rxc7 a5 42. bxa5 bxa5 43. Rc8+ Rxc8 44. Bxc8 Kg7 45. Kf2 h5 46. Kf3 g5 47. h4 Kf7 48. Bf5 Ke7 49. Ke2 Kf7 50. Kd2 Kg7 51. Kc2 gxh4 52. gxh4 a4 53. Kd2 Kf7 54. Ke2 Kg7 55. Kf3 Kf7 56. Bd7 Kg6 57. Be8+ Kh6 58. Bxa4 1-0

[Event "HUN-chT2 Erkel 1112"]
[Site "Hungary"]
[Date "2012.04.22"]
[Round "9.2"]
[White "Szekeres, Tibor"]
[Black "Medvegy, Judit"]
[Result "0-1"]
[WhiteElo "2148"]
[BlackElo "2043"]
[PlyCount "102"]
[EventDate "2011.09.25"]
[EventType "team-tourn"]
[EventRounds "11"]
[EventCountry "HUN"]
[SourceTitle "EXT 2013"]
[Source "ChessBase"]
[SourceDate "2012.11.22"]
[SourceVersion "1"]
[SourceVersionDate "2012.11.22"]
[SourceQuality "1"]
[WhiteTeam "Pestszentlorinc"]
[BlackTeam "Foti"]
[WhiteTeamCountry "HUN"]
[BlackTeamCountry "HUN"]

1. g3 f5 2. d4 Nf6 3. Bg2 g6 4. Nh3 Bg7 5. Nf4 d5 6. c4 c6 7. 0-0 dxc4 8. e3 Nd5 9. Ne2 Be6 10. Nd2 Nb6 11. a4 a5 12. b3 Na6 13. bxc4 Nxc4 14. Nf4 Bf7 15. Rb1 Nb4 16. Nb3 0-0 17. Nc5 Qc8 18. Nfd3 Nxd3 19. Qxd3 b6 20. Nb3 Rd8 21. Qe2 Rb8 22. Rd1 e5 23. dxe5 Rxd1+ 24. Qxd1 Bxe5 25. Nd4 Bd5 26. Bxd5+ cxd5 27. Nf3 Qe6 28. Rb5 Rd8 29. Qb3 Bf6 30. Nd2 Kf7 31. h4 Rc8 32. Qb1 Nxe3 33. fxe3 Qxe3+ 34. Kg2 Qe2+ 35. Kh3 Qg4+ 36. Kh2 f4 37. Rb3 fxg3+ 38. Kg2 Qe2+ 39. Kxg3 Qe1+ 40. Kg2 Rxc1 41. Qd3 Qh1+ 42. Kg3 Qxh4+ 43. Kg2 Qh1+ 44. Kg3 Rg1+ 45. Kf4 Qh2+ 46. Ke3 Rg3+ 47. Nf3 d4+ 48. Kf4 Qh3 49. Qc4+ Kg7 50. Qc7+ Kh6 51. Ke4 Qf5# 0-1

[Event "HUN-chT2 Erkel 1011"]
[Site "Hungary"]
[Date "2011.04.10"]
[Round "8.8"]
[White "Toth, Ilona"]
[Black "Szekeres, Tibor"]
[Result "0-1"]
[WhiteElo "2150"]
[BlackElo "2130"]
[PlyCount "64"]
[EventDate "2010.09.12"]
[EventType "team-tourn"]
[EventRounds "11"]
[EventCountry "HUN"]
[SourceTitle "EXT 2012"]
[Source "ChessBase"]
[SourceDate "2011.11.24"]
[SourceVersion "1"]
[SourceVersionDate "2011.11.24"]
[SourceQuality "1"]
[WhiteTeam "Foti"]
[BlackTeam "Pestszentlorinc"]
[WhiteTeamCountry "HUN"]
[BlackTeamCountry "HUN"]

1. e4 c5 2. Nf3 e6 3. d4 cxd4 4. Nxd4 Nf6 5. Nc3 d6 6. g3 Be7 7. Bg2 a6 8. a4 Qc7 9. 0-0 Nc6 10. Nxc6 bxc6 11. a5 e5 12. Be3 Rb8 13. b3 0-0 14. Na4 d5 15. Bb6 Qb7 16. exd5 cxd5 17. c4 Be6 18. Re1 e4 19. c5 Nd7 20. f3 f5 21. f4 Rbc8 22. b4 Bf6 23. Rb1 d4 24. g4 g6 25. g5 Bg7 26. Qc1 Qc6 27. Qa3 Bc4 28. Nb2 Bd5 29. Bf1 d3 30. Bg2 Bd4+ 31. Kh1 d2 32. Rf1 e3 0-1

[Event "HUN-chT2 Erkel 1011"]
[Site "Hungary"]
[Date "2010.11.21"]
[Round "6.8"]
[White "Bodi, Tibor"]
[Black "Szekeres, Tibor"]
[Result "1-0"]
[WhiteElo "2004"]
[BlackElo "2130"]
[PlyCount "107"]
[EventDate "2010.09.12"]
[EventType "team-tourn"]
[EventRounds "11"]
[EventCountry "HUN"]
[SourceTitle "EXT 2012"]
[Source "ChessBase"]
[SourceDate "2011.11.24"]
[SourceVersion "1"]
[SourceVersionDate "2011.11.24"]
[SourceQuality "1"]
[WhiteTeam "Budapest MTK"]
[BlackTeam "Pestszentlorinc"]
[WhiteTeamCountry "HUN"]
[BlackTeamCountry "HUN"]

1. e4 c5 2. Nf3 e6 3. d4 cxd4 4. Nxd4 Nf6 5. Nc3 d6 6. Bg5 Be7 7. Qd2 a6 8. 0-0-0 b5 9. a3 Bb7 10. f3 Nbd7 11. g4 Rc8 12. h4 Nb6 13. Be3 Nc4 14. Bxc4 Rxc4 15. g5 Nh5 16. Nb3 Qc7 17. Qh2 0-0 18. Rd4 g6 19. Rhd1 Ba8 20. Qf2 Rb8 21. Kb1 a5 22. Rxc4 bxc4 23. Nd4 Bc6 24. a4 Bf8 25. Ndb5 Bxb5 26. Nxb5 Qc6 27. Bd4 d5 28. Be5 Rb7 29. exd5 exd5 30. f4 Rd7 31. f5 Ng7 32. Bxg7 Bxg7 33. f6 Bf8 34. Qf4 h5 35. Qe5 Kh7 36. Qe8 Bb4 37. c3 Bc5 38. Re1 Qb7 39. Ka2 d4 40. cxd4 Bb4 41. Re2 Qd5 42. Qe4 Qf5 43. Qc2 Qd3 44. Qxd3 cxd3 45. Re3 d2 46. Rd3 Rd8 47. Nc3 Bd6 48. Ne4 Be5 49. d5 Rb8 50. Rxd2 Rb4 51. Nc3 Rxh4 52. d6 Rd4 53. Rxd4 Bxd4 54. Nd5 1-0

[Event "HUN-chT2 Erkel 1011"]
[Site "Hungary"]
[Date "2010.09.26"]
[Round "2.7"]
[White "Szekeres, Tibor"]
[Black "Zala, Gyula"]
[Result "1-0"]
[WhiteElo "2130"]
[BlackElo "2023"]
[PlyCount "51"]
[EventDate "2010.09.12"]
[EventType "team-tourn"]
[EventRounds "11"]
[EventCountry "HUN"]
[SourceTitle "EXT 2012"]
[Source "ChessBase"]
[SourceDate "2011.11.24"]
[SourceVersion "1"]
[SourceVersionDate "2011.11.24"]
[SourceQuality "1"]
[WhiteTeam "Pestszentlorinc"]
[BlackTeam "Vaci"]
[WhiteTeamCountry "HUN"]
[BlackTeamCountry "HUN"]

1. c4 g6 2. Nc3 Bg7 3. d4 c5 4. d5 d6 5. e4 Nf6 6. Nge2 b5 7. cxb5 a6 8. Ng3 0-0 9. a4 axb5 10. Bxb5 Ng4 11. 0-0 f5 12. exf5 gxf5 13. Nge2 e5 14. dxe6 Bxe6 15. h3 Ne5 16. Nf4 Bf7 17. Nh5 Bxh5 18. Qxh5 d5 19. f4 Ng6 20. Qf3 Ne7 21. Be3 d4 22. Qxa8 dxe3 23. Rad1 Qc7 24. Qf3 Bd4 25. Rxd4 cxd4 26. Nd5 1-0